| 000 | 00374nam a2200145Ia 4500 | ||
|---|---|---|---|
| 008 | 240624s9999 xx 000 0 und d | ||
| 041 | _aeng | ||
| 082 | _a371.3028 DIC | ||
| 100 | _aDICK WALTER | ||
| 245 | _aSYSTEMATIC DESIGN OF INSTRUCTION | ||
| 250 | _a(7th ed.) | ||
| 260 |
_c2008 _aNew Jursey _bAllyn & Bacon |
||
| 300 | _axxvii, : 432 : p. : cm. ; 23 | ||
| 365 |
_c _b25 |
||
| 999 |
_c19156 _d19156 |
||